Cave hunting : researches on the evidence of caves respecting the early inhabitants of Europe /

Bibliographic Details
Main Author: Dawkins, William Boyd, Sir, 1838-1929
Format: Book
Language:English
Published: London : Macmillan and Co., 1874.
Subjects:

MARC

Tag First Indicator Second Indicator Subfields
LEADER 00000cam a2200000 4500
001 in00000015159
005 20151007053006.0
008 740116s1874 enkabe b 00110 eng
010 |a  03012583  
035 |a (OCoLC)00777408 
035 |9 AAA9969AM 
040 |a DLC  |c CIN  |d SER  |d TXA  |d UtOrBLW 
049 |a TXAM  |c [A11083505] 
050 0 0 |a GN783  |b .D27 
100 1 |a Dawkins, William Boyd,  |c Sir,  |d 1838-1929. 
245 1 0 |a Cave hunting :  |b researches on the evidence of caves respecting the early inhabitants of Europe /  |c by W. Boyd Dawkins. 
264 1 |a London :  |b Macmillan and Co.,  |c 1874. 
300 |a xxiv, 455 pages :  |b illustrations (some color), maps, plans, diagram ;  |c 23 cm. 
336 |a text  |b txt  |2 rdacontent 
337 |a unmediated  |b n  |2 rdamedia 
338 |a volume  |b nc  |2 rdacarrier 
500 |a "The evidence which is offered by the animals as to the geography and climate of Europe, which I have published from time to time in the works of the Palæontographical Society, the Geological Journal, and in the Popular science, British quarterly, and Edinburgh reviews, is collected together in this work ..."--Pref. 
504 |a Includes bibliographical references and index. 
650 0 |a Prehistoric peoples  |z Europe. 
651 0 |a Europe  |x Antiquities. 
650 0 |a Caves. 
999 |a MARS 
999 f f |s 8a9c3f2b-d921-328e-9313-7a8f55367d14  |i c535ddc0-5ee1-364c-a5d6-4286fce5351f  |t 0 
952 f f |p ric  |a Texas A&M University  |b Rellis Campus  |c Joint Library Facility  |d Remote Storage  |t 0  |e GN783 .D27  |h Library of Congress classification  |i unmediated -- volume  |m A14811083505 
998 f f |a GN783 .D27  |t 0  |l Remote Storage